Spektrálne vlastnosti mikrobiálnej kontaminácie objektov kultúrneho dedičstva na papierových nosičoch

Enregistré dans:
Détails bibliographiques
Auteur principal: Paračková, Patrícia (Auteur)
Autres auteurs: Čeppan, Michal (Directeur de thèse)
Format: Manuscrit Livre
Langue:slovaque
Publié: 2023
Sujets:
Accès en ligne:http://is.stuba.sk/zp/portal_zp.pl?podrobnosti=172524
Tags: Ajouter un tag
Pas de tags, Soyez le premier à ajouter un tag!

MARC

LEADER 00000ntm a22000003a 4500
001 stuzp87093
003 SK-STU
005 20230909210805.0
007 ta
008 150427s2015----xo-----f-mn---000-0-slo-d
040 |a STU  |b slo 
041 0 |a slo 
100 1 |a Paračková, Patrícia  |u 049160  |k Z3  |4 aut  |U FCHPT Ústav prírodných a syntetických polymérov  |T FCHPT Oddelenie polygrafie a aplikovanej fotochémie  |X 76446  |U C9160  |Y 127  |7 76446 
242 0 1 |a Spectral Properties of Microbial Contamination of Cultural Heritage Objects on Paper Carriers  |y eng 
245 1 0 |a Spektrálne vlastnosti mikrobiálnej kontaminácie objektov kultúrneho dedičstva na papierových nosičoch 
260 |c 2023 
650 4 |a mikroskopické vláknité huby  |2 slo 
650 4 |a UV-Vis-NIR spektroskopia  |2 slo 
650 4 |a NIR spektroskopia  |2 slo 
650 4 |a FTIR spektroskopia  |2 slo 
650 4 |a Ramanova spektroskopia  |2 slo 
650 4 |a biodeteriorácia  |2 slo 
650 4 |a UV-Vis-NIR spectroscopy  |2 eng 
650 4 |a NIR spectroscopy  |2 eng 
650 4 |a microscopic filamentous fungi  |2 eng 
650 4 |a FTIR spectroscopy  |2 eng 
650 4 |a Raman spectroscopy  |2 eng 
650 4 |a biodeterioration  |2 eng 
700 1 |a Čeppan, Michal  |4 ths  |X 3317  |7 A000003317 
856 4 |u http://is.stuba.sk/zp/portal_zp.pl?podrobnosti=172524